00390nam a2200169Ia 4500003000400000005001700004008004100021040000700062041000800069082001300077100001200090245003300102260004600135300000800181650001500189700001600204OSt20250829122432.0250729s2005 xx 000 0 und d cAL aeng a200 MCGW aMc Graw a60 ways to let yourself grow aMumbaibBetter Yourself Publicationc2005 a64p aGeneraliya aMartha Mary